日本産業の新展開 : どう進む転換の時代

Gespeichert in:
Bibliographische Detailangaben
Körperschaft: 日本興業銀行産業調査部
Format: Buch
Sprache:Undetermined
Veröffentlicht: 東京 日本経済新聞社 1982
Schlagworte:
Tags: Tag hinzufügen
Keine Tags, Fügen Sie den ersten Tag hinzu!
Thư viện lưu trữ: Trung tâm Học liệu Trường Đại học Cần Thơ
LEADER 00581nam a2200205Ia 4500
001 CTU_78325
008 210402s9999 xx 000 0 und d
082 |a 338.0952 
082 |b N691 
110 |a 日本興業銀行産業調査部 
245 0 |a 日本産業の新展開 : 
245 0 |b どう進む転換の時代 
245 0 |c 日本興業銀行産業調査部 
260 |a 東京 
260 |b 日本経済新聞社 
260 |c 1982 
650 |a Economic conditions 
650 |z Japan 
904 |i Ngoc 
980 |a Trung tâm Học liệu Trường Đại học Cần Thơ